书目信息 |
| 题名: |
复合材料建筑结构及其应用
|
|
| 作者: | 晏石林 编著 | |
| 分册: | ||
| 出版信息: | 北京 化学工业出版社 2006 |
|
| 页数: | 285页 | |
| 开本: | 24cm | |
| 丛书名: | 21世纪复合材料应用技术丛书 | |
| 单 册: | ||
| 中图分类: | TU599 , TU3 | |
| 科图分类: | ||
| 主题词: | 建筑材料--复合材料--建筑结构 , 建筑材料 , 复合材料 , 建筑结构 | |
| 电子资源: | ||
| ISBN: | 7-5025-8913-9 | |
| 000 | 01166oam2 2200325 450 | |
| 001 | 003234207 | |
| 005 | 20070805145214.43 | |
| 010 | @a7-5025-8913-9@dCNY38.00 | |
| 035 | @a003234207 | |
| 100 | @a20060104d2006 em y0chiy0110 ea | |
| 101 | 0 | @achi |
| 102 | @aCN@b110000 | |
| 105 | @ay z 000yy | |
| 106 | @ar | |
| 200 | 1 | @a复合材料建筑结构及其应用@Afu he cai liao jian zhu jie gou ji qi ying yong@f晏石林[等]编著@Fyan shi lin [ deng ] bian zhu |
| 210 | @a北京@c化学工业出版社@d2006 | |
| 215 | @a285页@d24cm | |
| 225 | 2 | @a21世纪复合材料应用技术丛书@A21 shi ji fu he cai liao ying yong ji shu cong shu |
| 304 | @a编著还有:杨学忠、刘雄亚、庄英 | |
| 330 | @a本书介绍了复合材料建筑结构的性能、设计、制造与应用。全书分别介绍了复合材料屋面结构、复合材料墙体结构、复合材料承重结构、复合材料楼板及地板、复合材料充气结构等。 | |
| 461 | 0 | @1001003258814@12001 @a21世纪复合材料应用技术丛书 |
| 606 | 0 | @a建筑材料@x复合材料@x建筑结构 |
| 606 | 0 | @a建筑材料 |
| 606 | 0 | @a复合材料 |
| 606 | 0 | @a建筑结构 |
| 690 | @aTU599@v4 | |
| 690 | @aTU3@v4 | |
| 701 | 0 | @a晏石林@Ayan shi lin@f(1963~)@4编著 |
| 801 | 0 | @aCN@bNLC@c20070805 |
| 905 | @dTU599@e405@f5 | |
| 复合材料建筑结构及其应用/晏石林[等]编著.-北京:化学工业出版社,2006 |
| 285页;24cm.-(21世纪复合材料应用技术丛书) |
| ISBN 7-5025-8913-9:CNY38.00 |
| 本书介绍了复合材料建筑结构的性能、设计、制造与应用。全书分别介绍了复合材料屋面结构、复合材料墙体结构、复合材料承重结构、复合材料楼板及地板、复合材料充气结构等。 |
| ● |
| 相关链接 |
|
|
|
|
正题名:复合材料建筑结构及其应用
索取号:TU599/405
 
预约/预借
| 序号 | 登录号 | 条形码 | 馆藏地/架位号 | 状态 | 备注 |
| 1 | 0850603 | 208506035 | 第二样本阅览室/ [索取号:TU599/405] | 在馆 | |
| 2 | 0850604 | 208506044 | 第三借阅区/ [索取号:TU599/405] | 在馆 | |
| 3 | 0850605 | 208506053 | 第三借阅区/ [索取号:TU599/405] | 在馆 | |
| 4 | 0850606 | 208506062 | 第三借阅区/ [索取号:TU599/405] | 在馆 | |
| 5 | 0850607 | 208506071 | 第三借阅区/ [索取号:TU599/405] | 在馆 |